000 00501nam a2200205Ia 4500
003 OSt
005 20230913154547.0
008 210324s9999||||xx |||||||||||||| ||und||
040 _cSTCPL
041 _aENG
082 _a580.12
_bLYM-P
100 _aBenson, Lyman
245 0 _aPlant classification /
_cby Lyman Benson
260 _aNew Delhi :
_bOxford & Ibh Publishing Co Pvt Ltd. ,
_c1957.
300 _a688 p.
_bHB
650 _aBiology
650 _aEcology
942 _cBK
942 _2ddc
999 _c18569
_d18569